LEADER 02199oas 2200793 a 450 001 9910890907003321 005 20250928110239.0 011 $a2157-5452 035 $a(DE-599)ZDB2270595-8 035 $a(OCoLC)85776388 035 $a(CONSER) 2007252530 035 $a(CKB)1000000000285900 035 $a(DE-599)2270595-8 035 $a(EXLCZ)991000000000285900 100 $a20070306a20069999 uy a 101 0 $aeng 135 $aur||||||||||| 181 $ctxt$2rdacontent 182 $cc$2rdamedia 183 $acr$2rdacarrier 200 00$aCommunications in applied mathematics and computational science 210 $aBerkeley, Calif. $cMathematical Sciences Publishers, Dept. of Mathematics, University of California, Berkeley 300 $aRefereed/Peer-reviewed 300 $aTitle from volume contents page (publisher's Web site, viewed June 20, 2007). 311 08$a1559-3940 517 1 $aCAMCoS 531 0 $aCommun. appl. math. comput. sci. 531 10$aComm. App. Math. and Comp. Sci. 606 $aMathematics$vPeriodicals 606 $aMathe?matiques$vPe?riodiques 606 $aInformatique$vPe?riodiques 606 $aAlgorithmes$vPe?riodiques 606 $aMathematics$2fast$3(OCoLC)fst01012163 608 $aPeriodicals.$2fast 608 $aPeriodicals.$2lcgft 615 0$aMathematics 615 6$aMathe?matiques 615 6$aInformatique 615 6$aAlgorithmes 615 7$aMathematics. 676 $a519 712 02$aUniversity of California, Berkeley.$bDepartment of Mathematics, 801 0$bWTU 801 1$bWTU 801 2$bWAU 801 2$bMUQ 801 2$bOCLCS 801 2$bEEM 801 2$bUMC 801 2$bDLC 801 2$bCLU 801 2$bOCLCQ 801 2$bOCLCA 801 2$bOCLCQ 801 2$bOCLCA 801 2$bOCLCF 801 2$bVT2 801 2$bOCLCQ 801 2$bBUF 801 2$bAZU 801 2$bUBY 801 2$bOCLCQ 801 2$bU3W 801 2$bOCLCQ 801 2$bOCLCL 906 $aJOURNAL 912 $a9910890907003321 996 $aCommunications in applied mathematics and computational science$94233666 997 $aUNINA